000 00764nam a2200193 i 4500
001 160329
003 ES-MaACL
005 20250814064714.0
008 040921s1877 gw |||| | ita d
040 _aCAM
_bspa
_cCAM
100 1 _aMüller, A.C.
_9130366
245 1 0 _aGeografía del mondo antico ad uso delle scuole superiori /
_cpubblicata del Dr. A.C. Müller ; versione dal tedesco con note del prof. Pietro Vittanovich.
260 _aBerlino :
_bCarlo Habel ;
_aVerona e Padova :
_bDrucker & Tedeschi,
_c1877 (
_fTipografía J. Draeger)
300 _aXVIII, 262 p. ;
_c20 cm.
650 0 7 _aGeografía antigua
_2embne
_9136173
700 1 _aVittanovich, Pietro.
_9133800
852 _aES-MaACL
_jF-8745
_z-- Enc. pasta española
999 _c160329
_d160329